000
00292 a2200097 4500
090
_c
4423
_d
4423
100
_a
Jeff Davidson
245
_a
Breathing Space Living and Working at a Comfortable Pace in a Sped up Society
260
_a
Heinemann Asia
_b
Singapore
_c
1993
942
_a
NBS
_c
BK
_k
813.54 BRU
999
_c
346867
_d
346867